| 000 -LEADER |
| fixed length control field |
00663cam a22002175a 4500 |
| 020 ## - INTERNATIONAL STANDARD BOOK NUMBER |
| ISBN |
9781479966202 |
| 020 ## - INTERNATIONAL STANDARD BOOK NUMBER |
| ISBN |
1479966207 |
| 020 ## - INTERNATIONAL STANDARD BOOK NUMBER |
| ISBN |
9781479966189 |
| 020 ## - INTERNATIONAL STANDARD BOOK NUMBER |
| ISBN |
1479966185 |
| 020 ## - INTERNATIONAL STANDARD BOOK NUMBER |
| ISBN |
9781479966196 |
| 020 ## - INTERNATIONAL STANDARD BOOK NUMBER |
| ISBN |
1479966193 |
| 040 ## - CATALOGING SOURCE |
| Transcribing agency |
DLC |
| 082 ## - DEWEY DECIMAL CLASSIFICATION NUMBER |
| Classification number |
780 IEE 2015 A088 Or. |
| 245 00 - TITLE STATEMENT |
| Title |
2015 Twenty First National Conference on Communications (NCC 2015) |
| Remainder of title |
Mumbai, India, 27 February - 1 March 2015 |
| 260 3# - PUBLICATION, DISTRIBUTION, ETC. (IMPRINT) |
| Place of publication |
Piscataway, NJ |
| Name of publisher |
IEEE |
| Year of publication |
2015 |
| 300 ## - PHYSICAL DESCRIPTION |
| Number of Pages |
685 S. |
| Other physical details |
Ill., graph. Darst |
| 500 ## - GENERAL NOTE |
| General note |
Literaturangaben |
| 710 2# - ADDED ENTRY--CORPORATE NAME |
| Corporate name or jurisdiction name as entry element |
Indian Institute of Technology |
| 856 41 - ELECTRONIC LOCATION AND ACCESS |
| Uniform Resource Identifier |
http://www.gbv.de/dms/tib-ub-hannover/832189324.pdf |
| 942 ## - ADDED ENTRY ELEMENTS (KOHA) |
| Koha item type |
សៀវភៅភាសាអង់គ្លេស |
| 952 ## - LOCATION AND ITEM INFORMATION (KOHA) |
| Withdrawn status [LOCAL, KOHA] |
0 |